Manual de derecho administrativo especial /

Bibliographic Details
Main Author: Briceño V., Gustavo (Author)
Format: Electronic eBook
Language:Spanish
Published: Santiago, Chile : Ediciones Olejnik, [2022]
Series:Biblioteca de derecho administrativo. Colección Allan R. Brewer-Carías.
Subjects:
Online Access:Digitalia Hispánica

MARC

LEADER 00000nam a2200000Ii 4500
001 DIGOLEJNK1204
003 NyNyDIG
006 m o d
007 cr |||||||||||
008 250902s2022 cl ob 000 0 spa d
035 |a (OCoLC)1535344265 
040 |a DGITA  |b eng  |e rda  |e pn  |c DGITA 
020 |z 9789564071572 
043 |a s-ve--- 
050 1 4 |a KHW3240 ebook 
100 1 |a Briceño V., Gustavo,  |e author. 
245 1 0 |a Manual de derecho administrativo especial /  |c Gustavo Briceño Vivas. 
264 1 |a Santiago, Chile :  |b Ediciones Olejnik,  |c [2022] 
300 |a 1 online resource. 
336 |a text  |b txt  |2 rdacontent 
337 |a computer  |b c  |2 rdamedia 
338 |a online resource  |b cr  |2 rdacarrier 
347 |a text file  |2 rdaft 
347 |b PDF 
490 1 |a Biblioteca de derecho administrativo. Colección Allan R. Brewer-Carías 
504 |a Includes bibliographical references. 
588 0 |a Online resource; title from PDF title page (Digitalia, viewed September 2, 2025) 
650 0 |a Administrative acts  |z Venezuela. 
650 0 |a Administrative responsibility  |z Venezuela. 
650 0 |a Public contracts  |z Venezuela. 
791 2 |a Digitalia (Firm),  |e distributor. 
793 0 |g Digitalia eBook Collection:  |a Ediciones Olejnik 
776 0 8 |i Print version:  |a Briceño V., Gustavo.  |t Manual de derecho administrativo especial.  |b Primera edición en Ediciones Olejnik.  |d Santiago, Chile : Ediciones Olejnik, 2022  |z 9789564071572 
830 0 |a Biblioteca de derecho administrativo.  |p Colección Allan R. Brewer-Carías. 
856 4 0 |3 Digitalia Hispánica  |u https://www.digitaliapublishing.com/a/157710/ 
910 |a Premium collection: 2025